50 Millesimal potency in theory and practice: (Record no. 152780)

MARC details
000 -LEADER
fixed length control field 00817nam a22002297a 4500
003 - CONTROL NUMBER IDENTIFIER
control field dpl
005 - DATE AND TIME OF LATEST TRANSACTION
control field 20180618132733.0
008 - FIXED-LENGTH DATA ELEMENTS--GENERAL INFORMATION
fixed length control field 180618b xxu||||| |||| 00| 0 eng d
010 ## - LIBRARY OF CONGRESS CONTROL NUMBER
LC control number A-435891
020 ## - INTERNATIONAL STANDARD BOOK NUMBER
Terms of availability 20.00
035 ## - SYSTEM CONTROL NUMBER
System control number A-435891
037 ## - SOURCE OF ACQUISITION
Source of stock number/acquisition BPPD/PUB
040 ## - CATALOGING SOURCE
Transcribing agency 0
082 14 - DEWEY DECIMAL CLASSIFICATION NUMBER
Classification number 615.53
100 1# - MAIN ENTRY--PERSONAL NAME
Personal name Choudhury Harimohon
245 1# - TITLE STATEMENT
Title 50 Millesimal potency in theory and practice:
Statement of responsibility, etc by Harimohon Choudhury
Remainder of title its importance, speciality, preparation and administration with case records/
250 ## - EDITION STATEMENT
Edition statement 1990 3rd ed.
260 ## - PUBLICATION, DISTRIBUTION, ETC. (IMPRINT)
Place of publication, distribution, etc New Delhi
Name of publisher, distributor, etc B. Jain Publishers (P) Ltd.
Date of publication, distribution, etc 1990
270 ## - ADDRESS
Address 1921 Chuna Nandi street 10th paharganj post box 5775
City New Delhi
State or province 110 055
Electronic mail address lancer@lancerpublishers.com
300 ## - PHYSICAL DESCRIPTION
Extent xx, 101 p.
Dimensions 20cm (Hb)
942 ## - ADDED ENTRY ELEMENTS (KOHA)
Institution code [OBSOLETE] dpl
Koha item type English Books
Call number prefix 615.53 / SIN
Source of classification or shelving scheme Dewey Decimal Classification
Classification part 615.53
Call number suffix CHO
Holdings
Withdrawn status Lost status Source of classification or shelving scheme Damaged status Not for loan Collection code Home library Current library Date acquired Source of acquisition Cost, normal purchase price Total Checkouts Full call number Barcode Date last seen Date checked out Cost, replacement price Price effective from Koha item type
    Dewey Decimal Classification     Non-fiction Shahdara Branch Shahdara Branch 18/06/2018 BPPD/PUB 20.00 1 615.53 CHO A-435891 03/09/2021 19/08/2021 20.00 18/06/2018 English Books

© Delhi Public Library
Hit Counter
free hit counter